000 00508nam a2200181Ia 4500
999 _c29243
_d29243
003 OSt
005 20201125154634.0
008 190216s9999||||xx |||||||||||||| ||und||
020 _a9788124012031
040 _coclc
082 _a920
_bPAN/P
100 _aPanikkassery, Velayudhan
_91900
245 0 _aDr.Palpu /
_cVelayudhan Panikkassery
260 _bCurrent Books,
_aKottayam;
_c2004.
300 _a87p
650 _aJeeva Charithram
942 _cBK
_2ddc
_h920
_iPAN/P
_k920
_mPAN/P